UM Logo

Dynamic reduced-order modeling of wireless power transfer systems via polynomial approximation / (Record no. 19522)

MARC details
000 -LEADER
fixed length control field 00928nam a22002177a 4500
003 - CONTROL NUMBER IDENTIFIER
control field OSt
005 - DATE AND TIME OF LATEST TRANSACTION
control field 20250827100851.0
008 - FIXED-LENGTH DATA ELEMENTS--GENERAL INFORMATION
fixed length control field 240305b ||||| |||| 00| 0 eng d
040 ## - CATALOGING SOURCE
Transcribing agency 0
082 ## - DEWEY DECIMAL CLASSIFICATION NUMBER
Classification number DPer 621.317 Ie21 July 2022 v. 37 n. 7
100 ## - MAIN ENTRY--PERSONAL NAME
Personal name Chen, Fengwei.
Relator term author.
9 (RLIN) 53976
245 ## - TITLE STATEMENT
Title Dynamic reduced-order modeling of wireless power transfer systems via polynomial approximation /
Statement of responsibility, etc. Fengwei Chen, Zhipeng Deng, Hongsheng Hu, and Yue Sun.
260 ## - PUBLICATION, DISTRIBUTION, ETC. (IMPRINT)
Place of publication, distribution, etc. New York ;
Name of publisher, distributor, etc. The Institute of Electrical and Electronics Engineers, Inc. ,
Date of publication, distribution, etc. July 2022.
300 ## - PHYSICAL DESCRIPTION
Extent volume 37, pages 7540-7547 :
Other physical details illustration ;
Dimensions 28 cm.
500 ## - GENERAL NOTE
General note IEEE Transaction on Power Electronics Society, vol. 37, no. 7, pages 7540-7547,July 2022.
700 ## - ADDED ENTRY--PERSONAL NAME
Personal name Chen, Fengwei.
Relator term author.
9 (RLIN) 53976
700 ## - ADDED ENTRY--PERSONAL NAME
Personal name Deng, Zhipeng.
Relator term author.
9 (RLIN) 53977
700 ## - ADDED ENTRY--PERSONAL NAME
Personal name Hu, Hongsheng.
Relator term author.
9 (RLIN) 53978
700 ## - ADDED ENTRY--PERSONAL NAME
Personal name Sun, Yue.
Relator term author.
9 (RLIN) 53979
942 ## - ADDED ENTRY ELEMENTS (KOHA)
Source of classification or shelving scheme Dewey Decimal Classification
Koha item type Periodicals
Holdings
Withdrawn status Lost status Source of classification or shelving scheme Damaged status Not for loan Collection code Home library Current library Date acquired Total Checkouts Full call number Date last seen Price effective from Koha item type Public note
    Dewey Decimal Classification     Periodicals UM Digos College - LIC UM Digos College - LIC 03/05/2024   DPer 621.317 Ie21 July 2022 v. 37 n. 7 03/05/2024 03/05/2024 Periodicals Periodical Article